County Seats of Indiana - Statistics

General Stats
  • This quiz has been taken 448 times
  • The average score is 46 of 92
Answer Stats
County Name County Seat % Correct
Marion Indianapolis
96%
Allen Fort Wayne
92%
St. Joseph South Bend
86%
Vanderburgh Evansville
83%
Monroe Bloomington
82%
Tippecanoe Lafayette
82%
Howard Kokomo
80%
Delaware Muncie
79%
Bartholomew Columbus
76%
Vigo Terre Haute
75%
Madison Anderson
74%
Hamilton Noblesville
74%
Clark Jeffersonville
71%
Shelby Shelbyville
68%
LaPorte LaPorte
66%
Johnson Franklin
65%
Wabash Wabash
65%
Dubois Jasper
64%
Brown Nashville
64%
Wayne Richmond
64%
Montgomery Crawfordsville
63%
Elkhart Goshen
62%
Huntington Huntington
61%
Boone Lebanon
59%
Grant Marion
59%
Tipton Tipton
59%
Floyd New Albany
58%
Steuben Angola
57%
Rush Rushville
57%
Kosciusko Warsaw
57%
Clay Brazil
56%
Knox Vincennes
56%
Morgan Martinsville
55%
Miami Peru
55%
Lawrence Bedford
54%
Harrison Corydon
54%
Lake Crown Point
54%
Hancock Greenfield
54%
Jefferson Madison
54%
Henry New Castle
54%
Adams Decatur
53%
Daviess Washington
53%
LaGrange LaGrange
52%
Porter Valparaiso
52%
Cass Logansport
50%
Owen Spencer
50%
DeKalb Auburn
48%
Hendricks Danville
48%
Putnam Greencastle
48%
Decatur Greensburg
48%
Scott Scottsburg
46%
Marshall Plymouth
45%
Sullivan Sullivan
45%
Posey Mount Vernon
44%
Orange Paoli
44%
Fayette Connersville
43%
Clinton Frankfort
43%
Ohio Rising Sun
43%
Blackford Hartford City
40%
Carroll Delphi
39%
Jay Portland
39%
Washington Salem
39%
Whitley Columbia City
38%
Dearborn Lawrenceburg
38%
Gibson Princeton
38%
Jasper Rensselaer
37%
Jennings Vernon
37%
Crawford English
36%
Fulton Rochester
36%
Switzerland Vevay
36%
Greene Bloomfield
35%
Jackson Brownstown
35%
White Monticello
35%
Wells Bluffton
34%
Warrick Boonville
34%
Starke Knox
34%
Perry Tell City
34%
Pulaski Winamac
34%
Ripley Versailles
32%
Fountain Covington
31%
Benton Fowler
31%
Spencer Rockport
31%
Noble Albion
30%
Parke Rockville
30%
Newton Kentland
29%
Union Liberty
29%
Franklin Brookville
28%
Martin Shoals
28%
Vermillion Newport
23%
Warren Williamsport
23%
Pike Petersburg
21%
Randolph Winhester
11%
No matching quizzes found
Score Distribution
Percent of People with Each Score
Percentile by Number Answered
Your Score History
You have not taken this quiz